| 000 | 00480cam a2200193ua 4500 | ||
|---|---|---|---|
| 001 | 1600 | ||
| 005 | 20260515113346.0 | ||
| 008 | 110713n ii |||gr||||Z||||||eng | ||
| 040 | _cMAIN | ||
| 082 | _a330.01 | ||
| 100 | 1 |
_aGoswami, Atul, _eAuthor. |
|
| 245 | 1 |
_aarthabigyanar tattva _cby Atul Goswami |
|
| 250 | _a6th. | ||
| 260 |
_aDibrugarh: _bStudents emporium,996. |
||
| 300 |
_a542p: _bill; _c23cm. |
||
| 653 | _aEconomics | ||
| 653 | _aPrinciples of economics | ||
| 942 | _cBK | ||
| 999 |
_c1487 _d1487 |
||